000 00341 a2200157 4500
001 68835
020 _a8508041942
040 _cAnchieta - Itaigara
240 1 0 _aRapunzel; Os sete corvos
_lpor
245 1 0 _aRapunzel; Os sete corvos
300 _a16
362 0 _a1995
440 1 _aÁtica
650 4 _aLiteratura infantil
942 _cBK
999 _c68835
_d68835